Least Guessed German States - Statistics

General Stats
  • This quiz has been taken 6 times
  • The average score is 6 of 8
Answer Stats
Guessed (%) State % Correct
61 Hesse
100%
56 Thuringia
100%
59 Mecklenburg-Vorpommern
80%
63 Rhineland-Palatinate
80%
64 Saarland
80%
55 Saxony-Anhalt
80%
63 Lower Saxony
60%
64 Schleswig-Holstein
60%
No matching quizzes found
Score Distribution
Percent of People with Each Score
Percentile by Number Answered
Your Score History
You have not taken this quiz